[Event "1st St Leon-Rot Open"]
[Site "Sankt Leon-Rot GER"]
[Date "2011.12.27"]
[Round "2"]
[White "Jenisch,Achim"]
[Black "Helbig,Daniel"]
[Result "0-1"]
[WhiteElo "1850"]
[BlackElo "2072"]

1.e4 c5 2.Nf3 Nc6 3.Bb5 Nf6 4.Bxc6 dxc6 5.d3 Qc7 6.Be3 e5 7.h3 h6 8.Nc3 Be6
9.a4 c4 10.d4 Bb4 11.Nxe5 Nxe4 12.Bd2 Nxd2 13.Qxd2 c5 14.Qe3 cxd4 15.Qxd4 Rd8
16.Qe3 O-O 17.O-O Rfe8 18.Nb5 Qc8 19.c3 Bf8 20.Rfe1 Bd5 21.Qxa7 Rxe5 22.Qb6 Rg5  0-1

[Event "ch-AUS 2011-12"]
[Site "North Geelong AUS"]
[Date "2011.12.28"]
[Round "2.13"]
[White "Bird,A"]
[Black "Smirnov,Ant"]
[Result "1/2-1/2"]
[WhiteElo "2216"]
[BlackElo "2063"]

1.Nf3 c5 2.e4 Nc6 3.Bb5 g6 4.Bxc6 dxc6 5.d3 Bg7 6.h3 Nf6 7.O-O O-O 8.Re1 Re8
9.Bd2 h6 10.Bc3 Be6 11.Nbd2 Qc7 12.Be5 Qd7 13.a3 b6 14.b4 cxb4 15.axb4 c5
16.bxc5 bxc5 17.Ra5 Rec8 18.Qa1 c4 19.d4 c3 20.Nf1 Bc4 21.Ng3 a6 22.d5 Bb5
23.Re3 Rc4 24.Rxc3 Rac8 25.Rxc4 Rxc4 26.Ra2 Qc8 27.Nd4 Qc5 28.Nxb5 axb5 29.d6 Nxe4
30.Nxe4 Qxe5 31.Ra8+ Kh7 32.Qxe5 Bxe5 33.dxe7 Rxe4 34.g3 Bb8 35.Rxb8 Rxe7
36.Rxb5 Rc7 37.Rb2 Kg7 38.Kf1 Kf6 39.Ke2 Ke5 40.Kd3 Rd7+ 41.Ke3 Kd5 42.Rb3 Kc4
43.Rd3 Re7+ 44.Kd2 Ra7 45.Re3 Kd4 46.Rf3 Kd5 47.Rf4 Ke5 48.Kd3 Ra3+ 49.c3 Ra7
50.Re4+ Kd5 51.g4 Ra2 52.Re2 Ra7 53.Re8 Ra2 54.Ke3 Rc2 55.Rc8 Ke5 56.Rc7 Kd6
57.Rc8 Ke5 58.Re8+ Kd6 59.Rd8+ Ke6 60.Rd3 Ke5 61.f4+ Ke6 62.Ke4 f5+ 63.gxf5+ gxf5+
64.Kf3 Kf6 65.Rd6+ Kg7 66.Rc6 Rh2 67.Ke3 Rxh3+ 68.Kd4 h5 69.Ke5 h4 70.Kxf5 Re3
71.Rc7+ Kf8 72.c4 h3 73.Kf6 Kg8 74.Rc8+ Kh7 75.Rc5 Re4 76.Rh5+ Kg8 77.c5 Rxf4+
78.Ke6 Rc4 79.Kd6 Rc3 80.c6 Rd3+ 81.Kc7 Kg7 82.Kc8 Kg6 83.Rh4 Kg5 84.Rh8 Kg4
85.c7 Rc3 86.Kd7 Rxc7+ 87.Kxc7 Kg3 88.Kd6 h2 89.Ke5 Kg2 90.Rg8+ Kf2 91.Rf8+ Kg2
92.Rh8  1/2-1/2

[Event "XXII Cajacanarias Christmas"]
[Site "Santa Cruz de Tenerife ESP"]
[Date "2011.12.28"]
[Round "8"]
[White "Hernandez Leon,A"]
[Black "Molina Rodriguez,B"]
[Result "1-0"]
[WhiteElo "2243"]
[BlackElo "2123"]

1.e4 c5 2.Nf3 Nc6 3.Bb5 g6 4.Bxc6 dxc6 5.d3 Bg7 6.h3 e5 7.Be3 Qe7 8.Nc3 Nf6
9.Qd2 O-O 10.Bh6 Nd7 11.g4 f6 12.Bxg7 Qxg7 13.O-O-O b5 14.Ne2 Nb6 15.Ng3 Be6
16.Nf5 Qc7 17.Rdg1 Kh8 18.Qh6 c4 19.g5 gxf5 20.gxf6 Rg8 21.Nxe5 Qxe5 22.Rg7  1-0

[Event "48th Groningen Open A"]
[Site "Groningen NED"]
[Date "2011.12.29"]
[Round "8.15"]
[White "Thakur,Ak"]
[Black "Galoyan,Le"]
[Result "1-0"]
[WhiteElo "2324"]
[BlackElo "2231"]

1.e4 c5 2.Nf3 Nc6 3.Bb5 Na5 4.d4 a6 5.Be2 cxd4 6.Nxd4 d6 7.c4 Nf6 8.Nc3 e6
9.O-O Be7 10.b4 Nc6 11.a3 O-O 12.Be3 Qc7 13.Rc1 Nxd4 14.Bxd4 b6 15.Qd3 Rb8
16.Qg3 Bb7 17.e5 Ne8 18.Rfd1 f6 19.f4 dxe5 20.fxe5 f5 21.Qf2 Ba8 22.Na4 Bd8
23.Bxb6 Rxb6 24.Rxd8 Rxb4 25.axb4 Qxd8 26.Ra1 Qg5 27.h4 Qe7 28.Nc5 Qc7 29.Nxe6 Qxe5
30.Nxf8 Kxf8 31.Qc5+ Qxc5+ 32.bxc5 Ke7 33.Bf3  1-0

[Event "Schachtuerken-Cup"]
[Site "Paderborn GER"]
[Date "2011.12.29"]
[Round "6.5"]
[White "Kaufeld,J"]
[Black "Rotstein,J"]
[Result "1/2-1/2"]
[WhiteElo "2263"]
[BlackElo "2363"]

1.e4 c5 2.Nf3 Nc6 3.Bb5 e5 4.O-O Bd6 5.Nc3 Nf6 6.d3 h6 7.a3 Ne7 8.Re1 Ng6
9.Bc4 O-O 10.Nd5 Nxd5 11.Bxd5 Qf6 12.h3 Nf4 13.Bxf4 Qxf4 14.Nd2 Be7 15.Nc4 d6
16.Re3 Rb8 17.Rf3 Qh4 18.Ne3 g6 19.c3 Bd8 20.Qb3 Qe7 21.Rf1 Kg7 22.Rg3 Qc7
23.f4 exf4 24.Rxf4 Bg5 25.Rf1 b5 26.Rgf3 c4 27.Qd1 cxd3 28.Qxd3 f6 29.Nc2 Qe7
30.Nd4 Bd7 31.Rd1 Rb6 32.Qc2 h5 33.Qf2 Qe5 34.Rfd3 Bh6 35.Nf3 Qe7 36.Qg3 f5
37.Re1 f4 38.Qf2 g5 39.Nd4 Qe5 40.Nf5+ Kh7 41.Bb3 Be6 42.Bc2 Bc4 43.Rxd6 Rxd6
44.Nxd6 g4 45.Nxc4 bxc4 46.hxg4 hxg4 47.Rd1 Qh5 48.Rd5 Bg5 49.Qxa7+ Kh8 50.Qd4+ Kh7
51.Rd7+ Rf7 52.e5+ Kg8 53.e6 Rxd7 54.exd7 Bd8 55.Qxc4+ Kg7 56.Qd4+ Kg8 57.Bb3+ Kh7
58.Qe4+ Kg7 59.Qd4+ Kh7 60.Bc2+ Kg8 61.Bb3+  1/2-1/2

[Event "XLI Rilton Cup 2011-12"]
[Site "Stockholm SWE"]
[Date "2011.12.29"]
[Round "3"]
[White "Cederstam-Barsk,Carl"]
[Black "Karlsson,L"]
[Result "0-1"]
[WhiteElo "2129"]
[BlackElo "2485"]

1.e4 c5 2.Nf3 Nc6 3.Bb5 Nf6 4.Nc3 Nd4 5.e5 Nxb5 6.Nxb5 Nd5 7.Ng5 f5 8.O-O e6
9.d4 c4 10.g4 f4 11.Ne4 Qh4 12.Qf3 g5 13.Ned6+ Bxd6 14.Nxd6+ Kf8 15.Kg2 h5
16.h3 b5 17.b3 c3 18.Ba3 b4 19.Bc1 a5 20.a3 Ba6 21.Nc4 Bb7 22.Kg1 Bc6 23.axb4 Ne3
24.d5 Bxd5 25.Qxf4+ gxf4  0-1

[Event "XLI Rilton Cup 2011-12"]
[Site "Stockholm SWE"]
[Date "2011.12.29"]
[Round "3"]
[White "Lokander,M"]
[Black "De Filomeno,S"]
[Result "0-1"]
[WhiteElo "2151"]
[BlackElo "2299"]

1.e4 c5 2.Nf3 Nc6 3.Bb5 e6 4.Bxc6 bxc6 5.d3 Ne7 6.h4 d6 7.e5 Nf5 8.Nbd2 dxe5
9.Nxe5 Qd5 10.Nef3 Be7 11.Nc4 O-O 12.Ne3 Nxe3 13.Bxe3 c4 14.d4 c3 15.bxc3 Ba6
16.Rg1 Ba3 17.Rb1 Rab8 18.Rb3 Bb2 19.Qd2 Qa5 20.c4 Qxa2 21.Qd3 Qa4 22.Ne5 f6
23.Nd7 Bxc4 24.Nc5 Qa1+ 25.Kd2 Qa5+  0-1

[Event "Cracovia Open A"]
[Site "Krakow POL"]
[Date "2011.12.30"]
[Round "4.11"]
[White "Valli,F"]
[Black "Brodowski,P"]
[Result "1-0"]
[WhiteElo "2257"]
[BlackElo "2421"]

1.e4 c5 2.Nf3 Nc6 3.Bb5 g6 4.Bxc6 dxc6 5.h3 Bg7 6.d3 Nf6 7.Nc3 Nd7 8.O-O e5
9.Be3 Qe7 10.Qd2 h6 11.Nh2 Nf8 12.Ne2 Ne6 13.b3 b6 14.Rae1 a5 15.f4 exf4
16.Nxf4 Nxf4 17.Rxf4 Be6 18.Ref1 Be5 19.R4f2 g5 20.Qd1 Bg3 21.Rf6 Bf4 22.R6xf4 gxf4
23.Bxf4 Rg8 24.Qh5 a4 25.Nf3 axb3 26.axb3 Ra2 27.Rf2 Qf6 28.Bc7 Qa1+ 29.Kh2 Qc1
30.Ne5 Rxc2 31.Qh4 Rg5 32.Bxb6 Qe3 33.Rxc2 Bxh3 34.Qxh3 Qf4+ 35.g3  1-0

[Event "Northern California International"]
[Site "Fremont USA"]
[Date "2012.01.03"]
[Round "3"]
[White "Friedel,J"]
[Black "Mandiza,F"]
[Result "0-1"]
[WhiteElo "2523"]
[BlackElo "2404"]

1.e4 c5 2.Nf3 Nc6 3.Bb5 e6 4.O-O Nge7 5.c3 a6 6.Ba4 b5 7.Bc2 Bb7 8.Re1 Ng6
9.d4 cxd4 10.cxd4 Nh4 11.Nbd2 Rc8 12.a3 Bd6 13.b4 Bb8 14.Bb2 O-O 15.d5 Nxf3+
16.Nxf3 Ne7 17.Qd4 e5 18.Qd2 d6 19.Bd3 h6 20.a4 f5 21.axb5 axb5 22.Qe2 fxe4
23.Bxe4 Qe8 24.Qd3 Rc4 25.Nd2 Rxb4 26.Bc3 Rxe4 27.Nxe4 Bxd5 28.Bb4 Qc6 29.f3 Bc4
30.Qa3 Nf5 31.Qa6 Qc7 32.Red1 Rd8 33.Ba5 Qa7+ 34.Bb6 Qxa6 35.Rxa6 Rf8 36.Ra8 d5
37.Bc5 Rd8 38.Nc3 Nd4 39.f4 Nc6 40.fxe5 b4 41.Bb6 bxc3 42.Bxd8 Kf7 43.Rxb8 Nxb8
44.Ba5 c2 45.Rc1 Bd3 46.Kf2 d4 47.Ke1 Nc6 48.Kd2 Bh7 49.Bb6 Ke6 50.Rf1 d3
51.Re1 Bf5 52.h3 Bg6 53.g4 Kd5 54.e6 Ne5 55.Rxe5+ Kxe5 56.e7 Be8 57.Ba5 Kf4
58.Bc3 g6 59.Bg7 Kg5 60.Bb2 Bb5 61.e8=Q Bxe8 62.Kxd3 Ba4 63.Bc1+ Kh4 64.Bxh6 Kxh3
65.Bd2 Kxg4 66.Ke2 g5 67.Kf2 Bc6 68.Bc1 Kh4 69.Bd2 g4 70.Bf4 Kh3  0-1

[Event "2nd Mantova Open A 2012"]
[Site "Mantova ITA"]
[Date "2012.01.03"]
[Round "2"]
[White "Mrdja,M"]
[Black "Guerra,A"]
[Result "1-0"]
[WhiteElo "2389"]
[BlackElo "2216"]

1.e4 c5 2.Nf3 Nc6 3.Bb5 g6 4.Bxc6 dxc6 5.h3 Bg7 6.d3 Nf6 7.Nc3 O-O 8.Be3 b6
9.Qd2 Ne8 10.Bh6 f6 11.O-O-O e5 12.Nh2 Rf7 13.Bxg7 Nxg7 14.f4 exf4 15.Qxf4 Ne6
16.Qd2 Nd4 17.Nf3 b5 18.Kb1 Be6 19.Ne2 Nxe2 20.Qxe2 Qa5 21.b3 c4 22.dxc4 bxc4
23.Nd4 Qa3 24.Qe3 Bd7 25.Rhe1 Rb8 26.Ka1 c5 27.Nf5 Be6 28.Nh6+ Kg7 29.Nxf7 cxb3
30.cxb3 Bxb3 31.Rd2 Kxf7 32.e5 f5 33.e6+ Ke8 34.Qc3  1-0

[Event "24th Staufer-Open"]
[Site "Schwaebisch Gmuend GER"]
[Date "2012.01.03"]
[Round "4"]
[White "Pieper,Dawid"]
[Black "Bauer,Andreas2"]
[Result "1-0"]
[WhiteElo "2204"]
[BlackElo "2124"]

1.e4 c5 2.Nf3 Nc6 3.Bb5 Na5 4.d4 a6 5.Be2 cxd4 6.Nxd4 e6 7.O-O Qc7 8.Nc3 b5
9.e5 Qxe5 10.Bf3 Bb7 11.Bxb7 Nxb7 12.Re1 Qb8 13.Qf3 Nf6 14.Bg5 Be7 15.Nf5 Bf8
16.Rad1 Na5 17.Bxf6 gxf6 18.Nd5 Ra7 19.Qc3 b4 20.Qxf6 Rg8 21.Qh4 Rg6 22.Nf6+ Rxf6
23.Qxf6 Rc7 24.Nd6+ Bxd6 25.Rxd6 Qb5 26.Rd3 Nb7 27.Rg3 Kf8 28.Rg7 Qh5 29.Rg5  1-0

[Event "XLI Rilton Cup 2011-12"]
[Site "Stockholm SWE"]
[Date "2012.01.03"]
[Round "7"]
[White "Bergstrom,R"]
[Black "Kwapinski,L"]
[Result "1-0"]
[WhiteElo "2301"]
[BlackElo "2051"]

1.e4 c5 2.Nf3 Nc6 3.Bb5 g6 4.Bxc6 dxc6 5.d3 Bg7 6.h3 Nf6 7.Nc3 c4 8.d4 b5
9.a3 O-O 10.O-O Bb7 11.e5 Nd7 12.Bf4 Qb6 13.Qd2 Rfd8 14.Rad1 c5 15.dxc5 Nxc5
16.Qe2 Ne6 17.Bg3 Qc6 18.Qe3 a6 19.Ne2 Rd5 20.Nc3 Rdd8 21.Ne2 a5 22.Ned4 Rxd4
23.Rxd4 Bh6 24.Bf4 Nxf4 25.Rxf4 Rd8 26.Ne1 Rd1 27.Rxc4 Qxc4 28.Qxh6 Qe4 29.Nf3 Qe2
30.Rxd1 Qxd1+ 31.Kh2 Bxf3 32.gxf3 Qxf3 33.Qd2 Kg7 34.Qd4 e6 35.b3 g5 36.a4 bxa4
37.bxa4 Qf4+ 38.Qxf4 gxf4 39.c4 f5 40.Kg2 Kf7 41.Kf3 Ke7 42.Kxf4 h6 43.Ke3 Kd7
44.Kd4 Kc6 45.c5 f4 46.f3 Kd7 47.Kc4 Kc6 48.h4 h5 49.Kd4 Kd7 50.Ke4 Kc6 51.Kxf4 Kxc5
52.Kg5 Kb4 53.f4 Kxa4 54.f5  1-0

[Event "15th Guben Neujahrsopen"]
[Site "Guben GER"]
[Date "2012.01.04"]
[Round "6.3"]
[White "Jaracz,P"]
[Black "Stahr,R"]
[Result "1-0"]
[WhiteElo "2542"]
[BlackElo "2121"]

1.Nf3 c5 2.e4 Nc6 3.Bb5 Nd4 4.Nxd4 cxd4 5.O-O Nf6 6.d3 e6 7.Nd2 Be7 8.e5 Nd5
9.Qg4 O-O 10.Nf3 f5 11.Qxd4 b6 12.c4 Bc5 13.Qh4 Qxh4 14.Nxh4 Nb4 15.Rd1 Nc2
16.Rb1 Nd4 17.Be3 Nxb5 18.Bxc5 bxc5 19.cxb5 Rb8 20.a4 a6 21.b4 axb5 22.bxc5 Ba6
23.axb5 Rxb5 24.Rxb5 Bxb5 25.f4 Ra8 26.Nf3 Ra3 27.Nd4 Rxd3 28.Rxd3 Bxd3 29.c6 dxc6
30.Nxe6 Be4 31.Kf2 h6 32.g3 Kf7 33.Nc5 Bd5 34.Ke3 g5 35.Kd4 Ke7 36.Na6 Kd7
37.Kc5 Bf3 38.Kb6 Kc8 39.Nb4 Kd7 40.Nc2 gxf4 41.gxf4 h5 42.Nd4 Be4 43.h4 Ke7
44.Nxc6+ Kd7 45.Nd4 Bd3 46.Kc5 Be4 47.Kc4 Ke7 48.Kc3 Kf7 49.Kd2 Kg6 50.Ke3 Bb1
51.Ne2 Bc2 52.Kd4 Kf7 53.Ng3 Ke6 54.Nxh5 Be4 55.Nf6  1-0

[Event "Northern California International"]
[Site "Fremont USA"]
[Date "2012.01.07"]
[Round "8"]
[White "Rabin,E"]
[Black "Cornejo,M"]
[Result "0-1"]
[WhiteElo "2035"]
[BlackElo "2411"]

1.e4 c5 2.Nf3 Nc6 3.Bb5 d6 4.O-O Bd7 5.Re1 a6 6.Bf1 Bg4 7.d3 g6 8.c3 Bg7
9.Nbd2 e6 10.h3 Bxf3 11.Nxf3 Nge7 12.Be3 O-O 13.Qd2 Qa5 14.d4 cxd4 15.Nxd4 Nxd4
16.Bxd4 Bxd4 17.Qxd4 Rfd8 18.Qf6 Rd7 19.Bc4 Rad8 20.Bxe6 fxe6 21.Qxe6+ Kg7
22.e5 Ng8 23.Rad1 Re7 24.Qd5 Qxd5 25.Rxd5 Rde8 26.Rxd6 Rxe5 27.Rd7+ R8e7
28.Rxe5 Rxd7 29.Kf1 Rd2 30.Re2 Rd1+ 31.Re1 Rxe1+ 32.Kxe1 Kf6 33.Kd2 Ke5 34.Ke3 g5  0-1

[Event "Grand Prix Pyramides FFE Open"]
[Site "Le Port-Marly FRA"]
[Date "2012.01.07"]
[Round "1.4"]
[White "Bauer,Ch"]
[Black "Fargere,J"]
[Result "1-0"]
[WhiteElo "2679"]
[BlackElo "2045"]

1.e4 c5 2.Nf3 Nc6 3.Bb5 g6 4.O-O Bg7 5.Re1 Nf6 6.Bxc6 bxc6 7.e5 Nd5 8.c4 Nc7
9.d4 cxd4 10.Qxd4 Ne6 11.Qh4 d5 12.exd6 Qxd6 13.Nc3 O-O 14.Bh6 Re8 15.Ne4 Qb4
16.Bxg7 Kxg7 17.b3 f5 18.Neg5 Nxg5 19.Nxg5 h6 20.Qd4+ Kg8 21.Ne6 Bxe6 22.Rxe6 Kf7
23.Rxc6 Rad8 24.Qe3 e5 25.Rc7+ Re7 26.Qxa7 Re8 27.h3 Qc3 28.Rd1 e4 29.Qd4 Qc2
30.Qd5+ Kf6 31.Rc6+ Kg5 32.Rd2 Qc1+ 33.Kh2 e3 34.f4+ Kxf4 35.Qf3+ Kg5 36.Qg3+ Kh5
37.Qxg6+  1-0

[Event "4th Chennai Open"]
[Site "Chennai IND"]
[Date "2012.01.08"]
[Round "7"]
[White "Siddharth,R"]
[Black "Aravindh,Chithambaram VR."]
[Result "1-0"]
[WhiteElo "2398"]
[BlackElo "2246"]

1.e4 c5 2.Nf3 Nc6 3.Bb5 g6 4.Bxc6 bxc6 5.O-O Bg7 6.c3 e5 7.d4 cxd4 8.cxd4 exd4
9.Nxd4 Ne7 10.Nc3 O-O 11.Bg5 f6 12.Bf4 d6 13.Nxc6 Nxc6 14.Qd5+ Rf7 15.Qxc6 Bb7
16.Qxd6 Qxd6 17.Bxd6 Rd7 18.Bf4 Rad8 19.f3 f5 20.e5 h6 21.h4 Rd4 22.Rad1 Kf7
23.Be3 Rxd1 24.Rxd1 Rxd1+ 25.Nxd1 Bxe5 26.Bxa7 Bd5 27.b3 f4 28.Nf2 Bf6 29.Nd3 g5
30.Bc5 Kg6 31.Kf2 Kf5 32.hxg5 hxg5 33.Nb4 Bf7 34.Nc2 Bg8 35.Na3 Ke6 36.Ke2 Kd5
37.Bf2 Bh7 38.Kd2 g4 39.Nc4 gxf3 40.gxf3 Bg6 41.Ba7 Bh5 42.Ke2 Bg6 43.Bb8 Bb1
44.Kd2 Bxa2 45.Kc2 Kc5 46.Bxf4 Kb4 47.Bd2+ Kc5 48.Bc1 Kb4 49.Ba3+ Kb5 50.Bb2 Kb4
51.Ba3+ Kb5 52.Bd6 Bg7 53.Be7 Kc6 54.Ba3 Kb5 55.Nd2 Bh6 56.Ne4 Kc6 57.Nc3 Bxb3+
58.Kxb3 Kd7 59.Kc4 Ke6 60.Kd3 Kf5 61.Bd6 Bg7 62.Ne2 Bh6 63.Nd4+ Kf6 64.Ke4 Kg6
65.Bf4 Bf8 66.Be5 Bh6 67.f4 Bxf4 68.Kxf4 Kf7 69.Bd6 Kf6 70.Kg4 Kg6 71.Nf3 Kf7
72.Kf5 Ke8 73.Ke6 Kd8 74.Kd5 Kd7 75.Ne5+ Kc8 76.Kc6 Kd8 77.Bb4 Ke8 78.Bc5 Kd8
79.Nf7+ Ke8 80.Ng5 Kd8 81.Kd6 Kc8 82.Bb6 Kb7 83.Kc5 Ka6 84.Ne6 Kb7 85.Kb5 Ka8
86.Kc6 Kb8 87.Nc7 Kc8 88.Ba7 Kd8 89.Nd5 Ke8 90.Kd6 Kf7 91.Ne7 Kf6 92.Be3 Kf7
93.Bd4 Kf8 94.Ke6 Ke8 95.Be5 Kf8 96.Nf5 Ke8 97.Bc7 Kf8 98.Bb6 Kg8 99.Kf6 Kf8
100.Ng7 Kg8 101.Kg6 Kh8 102.Nf5 Kg8 103.Bc5 Kh8 104.Bd6 Kg8 105.Nh6+ Kh8
106.Be5+  1-0

[Event "TCh-CZE Extraliga 2011-12"]
[Site "Czech Republic CZE"]
[Date "2012.01.08"]
[Round "6.5"]
[White "Velicka,P"]
[Black "Markos,J"]
[Result "0-1"]
[WhiteElo "2462"]
[BlackElo "2596"]

1.e4 c5 2.Nf3 Nc6 3.Bb5 d6 4.Bxc6+ bxc6 5.O-O e5 6.c3 f5 7.d4 fxe4 8.Ng5 d5
9.dxe5 Be7 10.Qa4 Qb6 11.c4 Qa6 12.Nc3 Qxa4 13.Nxa4 h6 14.Nh3 g5 15.b3 Rh7
16.Ba3 Rf7 17.Kh1 Rf5 18.cxd5 cxd5 19.Bxc5 Bxc5 20.Nxc5 Rxe5 21.Ng1 d4 22.b4 Nf6
23.Rae1 Rxc5 24.bxc5 Ba6 25.Ne2 O-O-O 26.h3 d3 27.Ng3 d2 28.Rd1 e3 29.fxe3 Bxf1
30.Nxf1 Ne4 31.Kg1 Rd3 32.g4 a5 33.a4 Kc7 34.Kg2 Rc3 35.Kf3 Rc1 36.Nxd2 Rxd1
37.Nxe4 Rf1+ 38.Ke2 Ra1 39.Kd3 Kc6 40.Nd6 Rxa4 41.Nf7 Rb4 42.Kc3 Kxc5 43.Nxh6 a4  0-1

[Event "72nd ch-ARM"]
[Site "Yerevan ARM"]
[Date "2012.01.12"]
[Round "2"]
[White "Andriasian,Z"]
[Black "Grigoryan,K2"]
[Result "1-0"]
[WhiteElo "2624"]
[BlackElo "2482"]

1.e4 c5 2.Nf3 Nc6 3.Bb5 g6 4.Bxc6 dxc6 5.d3 Bg7 6.h3 Nf6 7.Nc3 O-O 8.Be3 b6
9.Qd2 e5 10.Bh6 Qd6 11.O-O-O a5 12.g4 a4 13.Ne2 b5 14.Ng3 Re8 15.Bxg7 Kxg7
16.g5 Ng8 17.h4 b4 18.h5 b3 19.cxb3 axb3 20.a3 Ra4 21.Rh4 Ba6 22.Qc3 Re7
23.Qxb3 Bb5 24.Qc3 Kf8 25.Nf1 Ba6 26.Ne3 Qe6 27.Qxc5 Ke8 28.Qc3 f6 29.hxg6 hxg6
30.gxf6 Qxf6 31.Qb3 Qxf3 32.Qxa4 Qxf2 33.Qxc6+ Kd8 34.Qxa6 Qxh4  1-0

[Event "ITT Homenaje Maestros Predecesore"]
[Site "Asuncion PAR"]
[Date "2012.01.13"]
[Round "5.5"]
[White "Vazquez,Guillermo"]
[Black "Saldano Dayer,H"]
[Result "1/2-1/2"]
[WhiteElo "2273"]
[BlackElo "2441"]

1.e4 c5 2.Nf3 Nc6 3.Bb5 g6 4.Bxc6 dxc6 5.d3 Bg7 6.h3 Nf6 7.Nc3 Nd7 8.Be3 e5
9.O-O Qe7 10.Nd2 Nf8 11.f4 exf4 12.Bxf4 Ne6 13.Bh2 O-O 14.a4 f6 15.Nc4 Rd8
16.Qd2 b6 17.Rae1 Ba6 18.b3 Bxc4  1/2-1/2

[Event "11th Prague Open A"]
[Site "Prague CZE"]
[Date "2012.01.13"]
[Round "1"]
[White "Mamedov,Nid"]
[Black "Crespo De Oliveira,Lucas"]
[Result "1-0"]
[WhiteElo "2601"]
[BlackElo "2120"]

1.e4 c5 2.Nf3 Nc6 3.Bb5 g6 4.Bxc6 bxc6 5.O-O Bg7 6.Re1 Nf6 7.e5 Nd5 8.c4 Nc7
9.d4 cxd4 10.Qxd4 O-O 11.Qh4 f6 12.Bh6 g5 13.Qh5 Qe8 14.Qxe8 Rxe8 15.Bxg7 Kxg7
16.Nc3 Ne6 17.exf6+ Kxf6 18.Ne4+ Kg6 19.Ne5+ Kg7 20.Rad1 Rb8 21.b3 Rb7 22.Re3 Rf8
23.Red3 Nf4 24.R3d2 d5 25.Nxg5 dxc4 26.Nxc4 Rf5 27.Ne4 Rd5 28.Ne3 Re5 29.f3 Be6
30.Kf2 a5 31.Rc1 a4 32.Nc5 Rb4 33.Nxa4 Bxb3 34.axb3 Rxb3 35.Nc3  1-0

[Event "37th Seville Open"]
[Site "Seville ESP"]
[Date "2012.01.14"]
[Round "8"]
[White "Santos Ruiz,Miguel"]
[Black "Munoz Martin,P"]
[Result "0-1"]
[WhiteElo "1961"]
[BlackElo "2243"]

1.e4 c5 2.Nf3 Nc6 3.Bb5 g6 4.Bxc6 dxc6 5.d3 Bg7 6.h3 Nh6 7.Nc3 f6 8.Be3 b6
9.Qd2 Nf7 10.O-O e5 11.a3 O-O 12.b4 cxb4 13.axb4 Nd6 14.Na4 Rb8 15.c4 Be6
16.Rfc1 f5 17.Bg5 Qd7 18.c5 fxe4 19.Ne1 Nf5 20.dxe4 Qxd2 21.Bxd2 Nd4 22.Rc3 Ne2+
23.Kf1 Nxc3 24.Bxc3 Rf4 25.f3 Rf7 26.Kf2 Rd7 27.Ke3 Bc4 28.Nb2 Bb5 29.g3 Rbd8
30.Ra3 bxc5 31.bxc5 Bf8 32.Bb4 Rd4 33.Ned3 Rxb4  0-1

[Event "10th Parsvnath Open"]
[Site "New Delhi IND"]
[Date "2012.01.15"]
[Round "2"]
[White "Sangma,R"]
[Black "Hamid,R"]
[Result "1-0"]
[WhiteElo "2357"]
[BlackElo "1983"]

1.e4 c5 2.Nf3 Nc6 3.Bb5 g6 4.O-O Bg7 5.Bxc6 bxc6 6.e5 Nh6 7.d3 O-O 8.h3 Ba6
9.Re1 c4 10.d4 Kh8 11.c3 Rb8 12.Na3 Qa5 13.Nd2 c5 14.Ndxc4 Bxc4 15.Nxc4 Qa6
16.b3 cxd4 17.cxd4 Ng8 18.d5 Rb5 19.a4 Rb7 20.Rb1 Rc8 21.Bb2 h5 22.Qd3 Kh7
23.Ba3 Rbb8 24.f4 Bh6 25.f5 gxf5 26.Qxf5+ Qg6 27.Qe4 Bf8 28.Qxg6+ fxg6 29.Kf2 Nh6
30.Ke2 Nf5 31.Kd3 h4 32.b4 e6 33.d6 Bg7 34.b5 Ng3 35.a5 Rf8 36.Bc5 Ra8 37.b6 axb6
38.axb6 Ra6 39.Ra1 Raa8 40.Rxa8 Rxa8 41.b7  1-0

[Event "10th Parsvnath Open"]
[Site "New Delhi IND"]
[Date "2012.01.15"]
[Round "2"]
[White "Kuderinov,K"]
[Black "Debashish,Du"]
[Result "1-0"]
[WhiteElo "2497"]
[BlackElo "2129"]

1.e4 c5 2.Nf3 Nc6 3.Bb5 g6 4.Bxc6 dxc6 5.O-O Bg7 6.d3 Nf6 7.Nc3 O-O 8.Be3 b6
9.h3 Qc7 10.Nh2 Nd7 11.f4 f5 12.e5 Rd8 13.Qe1 Nf8 14.Nf3 Be6 15.b3 Bd5 16.Nxd5 cxd5
17.g4 e6 18.Qg3 Rd7 19.Kh1 Qc6 20.Rf2 Rc8 21.Rg1 Bh8 22.Rfg2 Kf7 23.gxf5 exf5
24.h4 h5 25.d4 Ke8 26.Rd1 Kd8 27.dxc5 bxc5 28.c3 Re7 29.b4 cxb4 30.cxb4  1-0

[Event "37th Seville Open"]
[Site "Seville ESP"]
[Date "2012.01.15"]
[Round "9"]
[White "Bykov,Alexe1"]
[Black "Gonzalez Galvan,J"]
[Result "1-0"]
[WhiteElo "2337"]
[BlackElo "2214"]

1.e4 c5 2.Nf3 Nc6 3.Bb5 g6 4.Bxc6 dxc6 5.h3 Bg7 6.d3 Nh6 7.Nc3 f6 8.Be3 b6
9.a3 a5 10.Na4 Nf7 11.O-O O-O 12.c4 Rb8 13.Qc2 e5 14.Rab1 f5 15.Qe2 f4 16.Bd2 g5
17.Nh2 h5 18.b4 axb4 19.axb4 Ra8 20.Nc3 g4 21.hxg4 hxg4 22.Nxg4 Qh4 23.f3 Bxg4
24.fxg4 Nh6 25.Rf3 Nxg4 26.Rh3 Qg5 27.Rg3 cxb4 28.Rxg4 Qe7 29.Nd1 Ra2 30.Bxb4 Qxb4
31.Qxa2 Qe1+ 32.Kh2 Rf6 33.Nf2  1-0

[Event "11th Prague Open A"]
[Site "Prague CZE"]
[Date "2012.01.16"]
[Round "4"]
[White "Aroshidze,L"]
[Black "Pons Carreras,D"]
[Result "1-0"]
[WhiteElo "2581"]
[BlackElo "2319"]

1.e4 c5 2.Nf3 Nc6 3.Bb5 d6 4.O-O Bd7 5.Re1 Nf6 6.h3 a6 7.Bf1 e5 8.c3 Be7
9.d4 O-O 10.d5 Nb8 11.a4 Bc8 12.a5 Nbd7 13.Nbd2 Ne8 14.Nc4 g6 15.Bh6 Ng7
16.Qd2 f6 17.b4 Rf7 18.Rab1 Ne8 19.Be3 Bf8 20.Bd3 Rb8 21.Nh2 cxb4 22.cxb4 f5
23.f4 fxe4 24.Bxe4 Bg7 25.Nf3 exf4 26.Bxf4 Nf8 27.Bh2 Bf5 28.Bxf5 gxf5 29.Rxe8 Qxe8
30.Nxd6  1-0

[Event "10th Parsvnath Open"]
[Site "New Delhi IND"]
[Date "2012.01.17"]
[Round "4"]
[White "Kuderinov,K"]
[Black "Akshat,Chandra"]
[Result "1-0"]
[WhiteElo "2497"]
[BlackElo "2087"]

1.e4 c5 2.Nf3 Nc6 3.Bb5 d6 4.O-O Bd7 5.Re1 Nf6 6.c3 a6 7.Bf1 Bg4 8.h3 Bh5
9.d3 e6 10.Be3 Be7 11.Nbd2 O-O 12.g4 Bg6 13.Nh4 Nd7 14.Nxg6 hxg6 15.f4 d5
16.Nf3 Nb6 17.Qe2 Qc7 18.e5 g5 19.Nxg5 d4 20.cxd4 cxd4 21.Bd2 Bxg5 22.fxg5 Nd7
23.Bf4 f6 24.gxf6 gxf6 25.Bg2 Ndxe5 26.Bxc6 Qxc6 27.Bxe5 fxe5 28.Rf1 Qd5
29.Rae1 Rxf1+ 30.Rxf1 Rf8 31.Rxf8+ Kxf8 32.h4 Qxa2 33.g5 Qb1+ 34.Kg2 Qc1
35.Qf3+ Qf4 36.h5 Kg8 37.g6 Qg5+ 38.Kh3 Qf5+ 39.Kg3 Qg5+ 40.Qg4 Qxg4+ 41.Kxg4 e4
42.dxe4 e5 43.h6 d3 44.Kf3 a5 45.Ke3 b5 46.Kxd3 Kf8 47.Ke3 Kg8 48.Kf3 b4
49.Ke3 a4 50.Kd3  1-0

[Event "5th Gora Swietej Anny"]
[Site "Gora Swietej Anny POL"]
[Date "2012.01.18"]
[Round "8.6"]
[White "Klimek,M"]
[Black "Kulas,S"]
[Result "1-0"]
[WhiteElo "1822"]
[BlackElo "1969"]

1.e4 c5 2.Nf3 Nc6 3.Bb5 e6 4.O-O Be7 5.c3 Nf6 6.e5 Nd5 7.d4 cxd4 8.cxd4 Qb6
9.Ba4 d6 10.Nc3 Nxc3 11.bxc3 d5 12.Bg5 Qd8 13.Bxe7 Qxe7 14.Bxc6+ bxc6 15.Qa4 Qc7
16.Nd2 O-O 17.Nb3 a5 18.f4 Ba6 19.Rf3 Bb5 20.Qa3 a4 21.Nc5 Qe7 22.Qc1 f6
23.exf6 Rxf6 24.Qe3 Qf7 25.Re1 a3 26.g4 g5 27.Nxe6 gxf4 28.Rxf4 Rxf4 29.Nxf4 Bc4
30.Nd3 Bxd3 31.Qxd3 Qf4 32.Qe2 Rb8 33.Rf1 Qe4 34.Qxe4 dxe4 35.Re1 Rb2 36.Rxe4 Rxa2
37.Re8+ Kf7 38.Ra8 Ke6 39.Ra5 Kd6 40.c4 Kc7 41.c5 Kd7 42.Ra6 Ke7 43.h4 Kf7
44.g5 Ke7 45.h5 Kf8 46.Ra7 Rd2 47.Rxa3 Rxd4 48.Rf3+ Kg7 49.Rf5 Rh4 50.h6+ Kg6
51.Rf6+ Kxg5 52.Rxc6 Rc4 53.Kf2 Kf5 54.Ke3 Ke5 55.Rc7 Kf6 56.Kd3 Rc1 57.Kd4 Rd1+
58.Kc4 Rc1+ 59.Kb5 Rb1+ 60.Ka6 Kg6 61.Rc6+ Kg5 62.Rd6 Rc1 63.c6 Kf5 64.Kb7 Ke5
65.Rd7 Rb1+ 66.Kc8 Rc1 67.c7 Kf6 68.Kd8 Kg6 69.Rd6+  1-0

[Event "10th Parsvnath Open"]
[Site "New Delhi IND"]
[Date "2012.01.19"]
[Round "7.39"]
[White "Saravana,Kr"]
[Black "Pranavananda,V"]
[Result "1-0"]
[WhiteElo "2313"]
[BlackElo "1971"]

1.e4 c5 2.Nf3 Nc6 3.Bb5 g6 4.Bxc6 dxc6 5.d3 Bg7 6.h3 Nf6 7.Nc3 O-O 8.Be3 Nd7
9.Qd2 e5 10.a3 Qe7 11.O-O b6 12.Nh2 Ba6 13.Bh6 f5 14.Bxg7 Qxg7 15.b4 f4 16.Na4 g5
17.bxc5 b5 18.Nb2 h5 19.g4 hxg4 20.Nxg4 Bc8 21.f3 Nxc5 22.Qc3 Bxg4 23.hxg4 Qe7
24.Kg2 Kf7 25.Rh1 Rh8 26.a4 bxa4 27.Nc4 Nd7 28.d4 exd4 29.Qxd4 Rh4 30.Nd6+ Ke6
31.Nf5 Qc5 32.Qxc5 Nxc5 33.Nxh4 gxh4 34.Rxh4 Rd8 35.Rh6+ Kf7 36.Rxc6 Rd2+
37.Kh3 Ne6 38.Rxe6 Kxe6 39.Rxa4 Rxc2 40.g5 Rc7 41.Kg4 Rf7 42.Ra6+ Ke5 43.g6 Rg7
44.Kg5 Kd4 45.Kf6 Rg8 46.g7 Ke3 47.Ra3+ Ke2 48.Kf7 Ra8 49.e5 Kf2  1-0

[Event "10th Parsvnath Open"]
[Site "New Delhi IND"]
[Date "2012.01.19"]
[Round "7.49"]
[White "Sekar,B"]
[Black "Aravindh,Chithambaram VR."]
[Result "0-1"]
[WhiteElo "2053"]
[BlackElo "2246"]

1.e4 c5 2.Nf3 Nc6 3.Bb5 g6 4.Bxc6 bxc6 5.O-O Bg7 6.Re1 Nh6 7.c3 O-O 8.d4 cxd4
9.cxd4 d5 10.e5 f6 11.e6 Nf5 12.Nc3 Nd6 13.b3 f5 14.Ne5 Qe8 15.Na4 Bxe6 16.Nxc6 Ne4
17.Ne5 Qc8 18.Bb2 Bh6 19.f3 Nd6 20.Nc5 Rf6 21.Bc1 f4 22.Bb2 Kg7 23.Rc1 Qe8
24.Nc6 Kf7 25.Qe2 Qxc6 26.Nxe6 Qd7 27.Rc7 Qxe6 28.Qf2 Qf5 29.Rexe7+ Kg8 30.Qe2 Rf7
31.Re5 Qb1+ 32.Rc1 Qxa2 33.Rxd5 Bf8  0-1

[Event "10th Parsvnath Open"]
[Site "New Delhi IND"]
[Date "2012.01.20"]
[Round "8.34"]
[White "Girinath,P"]
[Black "Sahu,V"]
[Result "1-0"]
[WhiteElo "2360"]
[BlackElo "2139"]

1.e4 c5 2.Nf3 Nc6 3.Bb5 d6 4.O-O Bd7 5.Re1 g6 6.c3 a6 7.Bxc6 Bxc6 8.d4 Bg7
9.a4 e5 10.a5 Qc7 11.d5 Bd7 12.Nbd2 Nf6 13.Nc4 O-O 14.Nb6 Rae8 15.c4 Bg4
16.h3 Bxf3 17.Qxf3 Nd7 18.Nxd7 Qxd7 19.b4 cxb4 20.Qb3 f5 21.Qxb4 Rf7 22.f3 Bf8
23.Qa4 Qe7 24.Bg5 Qd7 25.Qxd7 Rxd7 26.Rec1 Rc8 27.Be3 f4 28.Bf2 g5 29.Kf1 h5
30.Ke2 Rg7 31.Rab1 Rcc7 32.Rb6 g4 33.hxg4 hxg4 34.c5 gxf3+ 35.gxf3 dxc5 36.Re6 c4
37.Rxe5 Rg2 38.Kf1 Rg6 39.Rf5 Ba3 40.Rc2 c3 41.Rxf4 Bb2 42.Ke2  1-0